000 00796nam a2200301Ia 4500
001 15593
003 IT-RoPAU
008 130308s9999 xx 000 0 und d
040 _aIT-RoPAU
040 _cIT-RoPAU
041 _aITALIANO
100 _aMorandini Morando
100 _gCodice Aut. SPICS: 3592
245 _aNotizie dall'Inghilterra
245 _bSul Cinema Politico
250 _a1a ed.
260 _aMILANO
260 _bVita e Pensiero
260 _c1973 [1° Ed.:1973 - Ed.Ling.Originale:1973]
300 _a"5 p. (prefazione: no ; testo: 5 [pagine: 72-76])"
500 _aPeter Watkins Free Cinema Lindsay Anderson
650 _aGENERI CINEMATOGRAFICI
650 _eCodice materia Spics: 6810
942 _cBK
957 _71
999 _c54767
_d54767
999 _bSI
999 _g1